Karneváli hangulat finom ételekkel

Podrobná bibliografia
Hlavný autor: Kovács, Zoltán (Autor)
Médium: Článok
Jazyk:maďarčina
slovenčina
Fyzický popis:Fotogr.
ISSN:1336-3638
Predmet:

MARC

LEADER 00000nab a2200000 a 4500
001 vtls010682347
003 SK-MaSNL
005 20260318132431.0
008 150528|2015 xo w| 000 0|hun
015 |a SNBRB2015/05 
038 |a DSZK 
040 |a DSZK  |b slo  |c DSZK  |e AACR2 
041 |a hun  |a slo 
044 |a xo  |c SK 
080 |a 394.1/.7  |2 2001 
080 |a 641.568  |2 2001 
100 1 |a Kovács, Zoltán  |4 aut  |9 8166 
245 1 0 |a Karneváli hangulat finom ételekkel  |c Kovács Zoltán 
300 |b Fotogr. 
611 2 7 |a Aquakarneval  |n (3. :  |d 2015 :  |c Veľký Meder, Slovensko)  |2 dszk  |9 1214535 
648 7 |a 2015  |2 dszk  |9 337775 
650 0 7 |a kultúrne podujatia  |2 SNKPH  |9 71676 
650 0 7 |a gastronomické festivaly  |2 dszk  |9 1086049 
651 7 |a Veľký Meder (Slovensko)  |2 SNKPHgeo  |9 19224 
773 0 |t Csallóköz=Žitný ostrov  |g Évf. 55, sz. 15 (2015), o. 6  |x 1336-3638 
852 |a DSZK  |b KIS3GCP 
856 |a http://www.csallokoz.sk 
958 |a HU 
958 |a SK 
999 |c 2126903  |d 2128833